000 00457nmm a2200169Ia 4500
008 251105s9999||||xx |||||||||||||||||und||
020 _a9788475224442
041 _aspa
100 _aHierro, José
245 0 _aAntología Personal
264 _a[Madrid, España] :
_bVisor Libros,
_c2002
300 _a320 páginas
490 _aVisor de Poesía
650 _aSpanish poetry
856 _uhttps://public.digitaliapublishing.com/a/76800
942 _cCF
999 _c84953
_d84953